Les parlementaires utilisent-ils les audits qu’ils commanditent à la Cour des comptes ? (notice n° 1616380)

détails MARC
000 -LEADER
fixed length control field 00854cam a2200229 4500500
005 - DATE AND TIME OF LATEST TRANSACTION
control field 20260111080508.0
041 ## - LANGUAGE CODE
Language code of text/sound track or separate title fre
042 ## - AUTHENTICATION CODE
Authentication code dc
100 10 - MAIN ENTRY--PERSONAL NAME
Personal name Benzerafa-Alilat, Manel
Relator term author
245 00 - TITLE STATEMENT
Title Les parlementaires utilisent-ils les audits qu’ils commanditent à la Cour des comptes ?
260 ## - PUBLICATION, DISTRIBUTION, ETC.
Date of publication, distribution, etc. 2023.<br/>
500 ## - GENERAL NOTE
General note 90
690 ## - LOCAL SUBJECT ADDED ENTRY--TOPICAL TERM (OCLC, RLIN)
Topical term or geographic name as entry element Cour des comptes
690 ## - LOCAL SUBJECT ADDED ENTRY--TOPICAL TERM (OCLC, RLIN)
Topical term or geographic name as entry element informations relatives à la performance
690 ## - LOCAL SUBJECT ADDED ENTRY--TOPICAL TERM (OCLC, RLIN)
Topical term or geographic name as entry element institution supérieure de contrôle (ISC)
690 ## - LOCAL SUBJECT ADDED ENTRY--TOPICAL TERM (OCLC, RLIN)
Topical term or geographic name as entry element Parlement
690 ## - LOCAL SUBJECT ADDED ENTRY--TOPICAL TERM (OCLC, RLIN)
Topical term or geographic name as entry element utilisation des rapports d’audit
700 10 - ADDED ENTRY--PERSONAL NAME
Personal name Tandilashvili, Nino
Relator term author
700 10 - ADDED ENTRY--PERSONAL NAME
Personal name Friscia, Marion
Relator term author
786 0# - DATA SOURCE ENTRY
Note Gestion & Finances Publiques | 2 | 2 | 2023-04-28 | p. 6-18 | 1969-1009
856 41 - ELECTRONIC LOCATION AND ACCESS
Uniform Resource Identifier <a href="https://droit.cairn.info/revue-gestion-et-finances-publiques-2023-2-page-6?lang=fr&redirect-ssocas=7080">https://droit.cairn.info/revue-gestion-et-finances-publiques-2023-2-page-6?lang=fr&redirect-ssocas=7080</a>

Pas d'exemplaire disponible.

PLUDOC

PLUDOC est la plateforme unique et centralisée de gestion des bibliothèques physiques et numériques de Guinée administré par le CEDUST. Elle est la plus grande base de données de ressources documentaires pour les Étudiants, Enseignants chercheurs et Chercheurs de Guinée.

Adresse

627 919 101/664 919 101

25 boulevard du commerce
Kaloum, Conakry, Guinée

Réseaux sociaux

Powered by Netsen Group @ 2025